Metody oceňování podniku pro pokročilé hlubší pohled na vybrané problémy

Na minha lista:
Detalhes bibliográficos
Autor principal: Mařík, Miloš
Formato: Livro
Idioma:tcheco
Publicado em: Praha Ekopress 2011
Assuntos:
Tags: Adicionar Tag
Sem tags, seja o primeiro a adicionar uma tag!

MARC

LEADER 00000nam a2200000 4500
001 0146009
005 20230109114657.4
020 |a 978-80-86929-80-4 
041 0 |a cze 
044 |a CZ 
245 1 0 |a Metody oceňování podniku pro pokročilé  |b hlubší pohled na vybrané problémy  |c Miloš Mařík a kolektiv 
264 1 |a Praha  |b Ekopress  |c 2011 
300 |a 548 s. 
610 2 0 |a podnik 
610 2 0 |a oceňovanie 
610 2 0 |a ohodnocovanie podniku 
610 2 0 |a metódy 
610 2 0 |a hodnota pridaná 
610 2 0 |a štruktúra kapitálová 
610 2 0 |a hodnota podniku 
610 2 0 |a diskont 
610 2 0 |a prémie 
610 2 0 |a modely 
100 1 |a Mařík, Miloš